Central Library OPAC University of Rajshahi

Labour Migration from Bangladesh : (Record no. 75570)

MARC details
000 -LEADER
fixed length control field 01051ntm a2200277 a 4500
001 - CONTROL NUMBER
control field 75570
003 - CONTROL NUMBER IDENTIFIER
rucl marc code BD-RjUL
005 - DATE AND TIME OF LATEST TRANSACTION
control field 20211209082718.0
008 - FIXED-LENGTH DATA ELEMENTS--GENERAL INFORMATION
fixed length control field 190427s2016 bg a|||| bm|| 00| 0 eng d
035 ## - SYSTEM CONTROL NUMBER
System control number (BD-RjUL)75788
040 ## - CATALOGING SOURCE
Original cataloging agency BD-RjUL
Language of cataloging eng
Transcribing agency BD-RjUL
Modifying agency BD-RjUL
041 ## - LANGUAGE CODE
Language code of text/sound track or separate title eng
082 ## - DEWEY DECIMAL CLASSIFICATION NUMBER
Edition number 23
Classification number 325.25492
Author mark and year HUL 2016
100 1# - MAIN ENTRY--PERSONAL NAME
Personal name Hussain, Abdullah-Al-Monzur
9 (RLIN) 231224
245 10 - TITLE STATEMENT
Title Labour Migration from Bangladesh :
Remainder of title A Legal study /
Statement of responsibility, etc. Abdullah-Al-Monzur Hussain
Linkage Supervisor: M. Anisur Rahman
260 ## - PUBLICATION, DISTRIBUTION, ETC. (IMPRINT)
Place of publication, distribution, etc. Rajshahi :
Name of publisher, distributor, etc. Institute of Bangladesh Studies, R. U. ,
Date of publication, distribution, etc. 2016
300 ## - PHYSICAL DESCRIPTION
Pagination xv, 225 leaves :
Illustrations Ill. ;
Size 30 cm.
502 ## - DISSERTATION NOTE
Dissertation note Thesis (Ph. D.) -- Institute of Bangladesh Studies, R. U. , 2016
504 ## - BIBLIOGRAPHY, ETC. NOTE
Bibliography, etc Bibliography: leaves [192]-202
650 ## - SUBJECT ADDED ENTRY--TOPICAL TERM
Topical term or geographic name as entry element Migrant labor
General subdivision Legal status, laws, etc
9 (RLIN) 231225
Topical term or geographic name as entry element Aliens
General subdivision Civil rights
9 (RLIN) 231226
Topical term or geographic name as entry element Emigration and Immigration
General subdivision Government Policy
9 (RLIN) 231227
Topical term or geographic name as entry element Migrations of Nation
9 (RLIN) 231228
700 ## - ADDED ENTRY--PERSONAL NAME
Personal name Rahman, M. Anisur, Supervisor
942 ## - ADDED ENTRY ELEMENTS (KOHA)
Source of classification or shelving scheme Dewey Decimal Classification
Koha item type Theses
Holdings
Lost status Source of classification or shelving scheme Damaged status Not for loan Collection code Permanent Location Current Location Shelving location Date acquired Source of acquisition Total Checkouts Full call number Date last seen Copy number Koha item type
  Dewey Decimal Classification   Not For Loan Theses Central Library, University of Rajshahi Central Library, University of Rajshahi Documentation Section 18/01/2018 Controller of Examination Office, R. U.   THE 325.25492 HUL 2016 27/04/2019 C-1 Theses